00338nam a2200133Ia 4500003000200000005001700002008004100019020001500060100001800075245003300093260004600126300001900172650001300191020260121155946.0180309s9999 xx 000 0 und d a9712704343 aKalin, Robert cCorbit, Mary KayaGeometry / aNew Jersey :bPearson prentice hallc1995 aiii, 645 pages aGeometry